Dimensión científica y tecnológica del desarrollo : memoria final 1986-1990

Gespeichert in:
Bibliographische Detailangaben
Weitere Verfasser: Rivera R., Kenneth Editor(a)
Format: Buch
Sprache:Spanish
Veröffentlicht: San José, C.R. : Ministerio de Ciencia y Tecnología 1990.
Schlagworte:
Tags: Tag hinzufügen
Keine Tags, Fügen Sie den ersten Tag hinzu!

MARC

LEADER 00000nam a2200000Ia 4500
003 L000710
005 20221231143955.0
008 140114s1990 cr a 000 ||spa d
040 |c cru CEDI 
082 |a  303.483 D582d 
245 |a Dimensión científica y tecnológica del desarrollo : memoria final 1986-1990  
260 |a  San José, C.R. : Ministerio de Ciencia y Tecnología  |c 1990. 
300 |a  190 páginas : ilustraciones 
650 |x DESARROLLO CIENTIFICO Y TECNOLOGICO   |x  COSTA RICA  |9 20656 
700 |9 20655  |a Rivera R., Kenneth  |d Editor(a) 
942 |2 ddc  |c BK 
999 |c 15023  |d 15023